Normal view
MARC view
Entry Nome pessoal
001 - NÚMERO DE CONTROLE
- campo de controle: 386
003 - IDENTIFICADOR DO NÚMERO DE CONTROLE
- campo de controle: Br
005 - DATA E HORÁRIO DA ÚLTIMA TRANSAÇÃO
- campo de controle: 20250203093842.0
008 - CAMPO DE DADOS FIXOS
- campo de controle de tamanho fixo: 980520|| acnnnaab| aaaa
035 ## - NÚMERO DE CONTROLE DO SISTEMA
- Número de Controle do Sistema: 98052711215960E19
040 ## - FONTE DA CATALOGAÇÃO
- Instituição da catalogação original: Br
- Instituição que transcreveu o registro: Br
- Convenções de cabeçalho de assunto/tesauros: Br
100 1# - CABEÇALHO--NOME PESSOAL
- Nome pessoal: Dostoiévski, Fiódor,
- Datas associadas ao nome: 1821-1881
400 1# - REMISSIVA VER--NOME PESSOAL
- Nome pessoal: Dostoiévski, Fedor
- Datas associadas ao nome: 1821-1881
400 1# - REMISSIVA VER--NOME PESSOAL
- Nome pessoal: Dostoyevsky, Fyodor
- Datas associadas ao nome: 1821-1881
400 1# - REMISSIVA VER--NOME PESSOAL
- Nome pessoal: Dostoevski, Fedor Mikhailovich
- Datas associadas ao nome: 1821-1881
400 1# - REMISSIVA VER--NOME PESSOAL
- Nome pessoal: Dostoiévski, Fiódor Mikhailovitch
- Datas associadas ao nome: 1821-1881
670 ## - FONTE POSITIVA DOS DADOS
- Citação da fonte positiva dos dados: Autor de: A orfã. 1947
- Dados encontrados na fonte localizada no subcampo: (/ Fiodor M. Dostoievski)
670 ## - FONTE POSITIVA DOS DADOS
- Citação da fonte positiva dos dados: Barsa
- Dados encontrados na fonte localizada no subcampo: (Dostoievski, Fiodor Mikhailovitch; D.)
670 ## - FONTE POSITIVA DOS DADOS
- Citação da fonte positiva dos dados: Mirador
- Dados encontrados na fonte localizada no subcampo: (Dostoievski, Fedor Mikhailovitch; D.)
670 ## - FONTE POSITIVA DOS DADOS
- Citação da fonte positiva dos dados: http://authorities.loc.gov 15/8/2013
- Dados encontrados na fonte localizada no subcampo: (DostoyevskyDostoyevsky, Fyodor; D., rems.)
670 ## - FONTE POSITIVA DOS DADOS
- Citação da fonte positiva dos dados: http://pt.wikipedia.org/wiki/Fi%C3%B3dor_Dostoi%C3%A9vski
- Dados encontrados na fonte localizada no subcampo: (escritor russo; D.)